00141 a2200073 450000100060000010000160000624500210002226000240004351226 aBrookner C aRadar Technology aNew YorkbP H Incc